000 01057nam a2200313 i 4500
003 EG-GICUC
005 20260428110342.0
008 260428s1937 ge aaaafr|||| 001 0 ger d
040 _aEG-GiCUC
_bger
_cEG-GiCUC
_dEG-GiCUC
_erda
041 _ager
082 0 4 _221
_a343.5
_bGE . R
092 0 4 _221
099 _aLaw1 10 343.5 GE . R 1937
110 1 _aGermany.
_b Reichsministerium Des Innern
_eAuthor.
245 1 0 _a Reichsgesetzblatt :
_b Teil I, Jahrgang 1937 /
_c Herausgegeben Vom Reichsministerium Des Innern.
264 1 _a Berlin :
_bReichsverlagsamt,
_c1937.
300 _a1427pages;
_avarious pagings
_c24 cm
336 _2rda content
_atext
337 _2rda media
_aComputer
338 _2rda carrier
_aOnline Resource
504 _aIncludes bibliographical references and index.
546 _a Text in German
650 1 _aCriminal law
_2qrmak
651 1 _2qrmak
710 2 _a Reichsverlagsamt (Berlin, Germany)
856 4 0 _uhttps://fll.law.cu.edu.eg/fulltext/bks/B10-10265.pdf
905 _a167
942 _2ddc
_cBK
_e21
_n0
999 _c73823
_d73823